Normal view
MARC view
- Li, Haiwang.
Entry Personal Name
001 - CONTROL NUMBER
- control field: 55070
003 - CONTROL NUMBER IDENTIFIER
- control field: OSt
005 - DATE AND TIME OF LATEST TRANSACTION
- control field: 20240322124258.0
008 - FIXED-LENGTH DATA ELEMENTS
- fixed length control field: 240322|| aca||aabn | a|a d
040 ## - CATALOGING SOURCE
- Original cataloging agency: OSt
- Transcribing agency: OSt
100 ## - HEADING--PERSONAL NAME
- Personal name: Li, Haiwang.
- Relator term: author.
670 ## - SOURCE DATA FOUND
- Source citation: Work cat.: (OSt): Li, Haiwang. author., Integrated MEMS toroidal transformer with Ni-Zn ferrite core for power supply on chip /, September 2022.
